The analytical theory of heat /

Guardado en:
Autor Principal: Fourier, Jean Baptiste Joseph, baron, 1768-1830.
Formato: Libro
Idioma:English
French
Publicado: New York : Dover, 1955.
Materias:
Etiquetas: Agregar Etiqueta
Sin Etiquetas, Sea el primero en etiquetar este registro!
LEADER 01261cam a22002295a 4500
001 MAT.inmabb006798
008 730206s1955####nyu######b####001#0#eng##
005 20160804115334.0
245 1 4 |a The analytical theory of heat /  |c by Joseph Fourier ; translated, with notes, by Alexander Freeman. 
260 |a New York :  |b Dover,  |c 1955. 
300 |a xxiii, 466 p. ;  |c 21 cm. 
500 |a "An unabridged republication of the English translation that first appeared in 1878 with previous corrigenda incorporated into the text." 
504 |a Incluye referencias bibliográficas. 
505 0 |a 1. Introduction -- 2. Equation of the movement of heat -- 3. Propagation of heat in an infinite rectangular solid -- 4. Of the linear and varied movement of heat in a ring -- 5. Of the propagation of heat in a solid sphere -- 6. Of the movement of heat in a solid cylinder -- 7. Propagation of heat in a rectangular prism -- 8. Of the movement of heat in a solid cube -- 9. Of the diffusion of heat. 
510 4 |a MR,  |c 17,698f 
100 1 |a Fourier, Jean Baptiste Joseph,  |c baron,  |d 1768-1830. 
650 0 |a Heat. 
084 |a 01A75 (01A55)  |2 msc2000 
010 |a  56013725  
040 |a DLC  |c ODaWU  |d OCoLC  |d DLC 
041 1 |a eng  |h fre 
859 |h 01A75  |i F775i  |p A-8825  |b BIB. MATEMATICA